[Event "San Felipe zt"]
[Site "San Felipe"]
[Date "1999.??.??"]
[Round "1"]
[White "Croes, Octavio"]
[Black "Corbin, Philip"]
[Result "0-1"]
[WhiteElo "2120"]
[BlackElo "2244"]
[EventDate "1999.??.??"]
[PlyCount "54"]

1.d4 f5 2.c4 e6 3.g3 Be7 4.Bg2 Nf6 5.Nf3 d6 6.Nc3 O-O 7.O-O Qe8 8.Re1 Qg6 
9.Qc2 Ne4 10.Bf4 Nc6 11.Rad1 Bf6 12.Nxe4 fxe4 13.Nh4 Bxh4 14.Bxe4 Qh5 15.
d5 Ne7 16.dxe6 Bxe6 17.Bxb7 Rab8 18.Qe4 Bf5 19.Bd5+ Kh8 20.Qd4 Nxd5 21.
cxd5 Qg6 22.e4 Bg4 23.e5 Bxd1 24.Rxd1 dxe5 25.Bxe5 Bf6 26.Bxf6 Qxf6 27.
Qxa7 Rxb2 0-1

[Event "San Felipe zt"]
[Site "San Felipe"]
[Date "1999.??.??"]
[Round "1"]
[White "Denny, Kevin"]
[Black "Melendez Tirado, Bernardo Ramon"]
[Result "0-1"]
[WhiteElo "2302"]
[BlackElo "2135"]
[EventDate "1999.??.??"]
[PlyCount "120"]

1.e4 d6 2.d4 Nf6 3.Bd3 e5 4.c3 Be7 5.Nf3 Nbd7 6.O-O c6 7.Re1 O-O 8.Nbd2 
Qc7 9.Nf1 Re8 10.Ng3 a6 11.a4 b6 12.Bd2 Bb7 13.Qc2 h6 14.Rad1 b5 15.b4 
Rac8 16.dxe5 dxe5 17.c4 bxa4 18.Qxa4 c5 19.b5 axb5 20.cxb5 c4 21.Rc1 Nb6 
22.Qa1 Bc5 23.Bc2 Ra8 24.Qb1 Ng4 25.Re2 c3 26.Bxc3 Bxf2+ 27.Rxf2 Qxc3 28.
Bd3 Qa3 29.Rff1 Red8 30.Ne1 Rac8 31.Rc2 Rc3 32.Rxc3 Qxc3 33.Qa2 Rd7 34.h3 
Ne3 35.Ne2 Qc5 36.Rf2 Nd1 37.Ng3 Nxf2 38.Qxf2 Qxf2+ 39.Kxf2 g6 40.Ke3 Na4 
41.Ne2 Nc5 42.Bc2 Ne6 43.Nf3 f6 44.Bb3 Kf7 45.Nc3 Ke7 46.Nd5+ Bxd5 47.Bxd5
Nf4 48.Bc6 Rd3+ 49.Kf2 Rc3 50.Nh4 Kd6 51.Be8 Kc5 52.Bc6 Rb3 53.g3 Nxh3+ 
54.Kg2 Ng5 55.Nxg6 Rb2+ 56.Kf1 Kd4 57.Ne7 Nxe4 58.Nf5+ Kd3 59.Nxh6 Nxg3+ 
60.Ke1 e4 0-1

[Event "San Felipe zt"]
[Site "San Felipe"]
[Date "1999.??.??"]
[Round "1"]
[White "Dominguez, Jose Manuel"]
[Black "Yee, Frank"]
[Result "1-0"]
[WhiteElo "2325"]
[BlackElo "2200"]
[EventDate "1999.??.??"]
[PlyCount "53"]

1.e4 e5 2.Nf3 Nc6 3.Bb5 a6 4.Ba4 Nf6 5.Qe2 b5 6.Bb3 Be7 7.a4 b4 8.d4 d5 9.
dxe5 Nxe4 10.O-O Be6 11.c4 Nc5 12.cxd5 Bxd5 13.Bxd5 Qxd5 14.Rd1 Qe6 15.
Nbd2 Rd8 16.b3 O-O 17.Bb2 Nxb3 18.Nxb3 Qxb3 19.Rac1 Nb8 20.Rxc7 Rd7 21.
Rdxd7 Nxd7 22.Nd4 Qd5 23.Qg4 Nxe5 24.Nf5 Bf6 25.Bxe5 Qxe5 26.Nh6+ Kh8 27.
Nxf7+ 1-0

[Event "San Felipe zt"]
[Site "San Felipe"]
[Date "1999.??.??"]
[Round "1"]
[White "Mera Cedeno, Angel"]
[Black "Montalvo, Alejandro"]
[Result "1-0"]
[WhiteElo "2361"]
[BlackElo "2215"]
[EventDate "1999.??.??"]
[PlyCount "115"]

1.d4 c5 2.d5 Nf6 3.Nf3 d6 4.g3 g6 5.Bg2 Bg7 6.O-O O-O 7.c4 Na6 8.Re1 Rb8 
9.Nc3 Nc7 10.a4 b6 11.e4 Nd7 12.Qe2 a6 13.h3 Re8 14.Be3 Ne5 15.Nd2 f6 16.
Rab1 a5 17.f4 Nf7 18.Nf3 e6 19.dxe6 Bxe6 20.Rbd1 Qc8 21.Qf1 Qa6 22.Nd2 Bd7
23.Kh2 Rbd8 24.Bg1 Bc6 25.Nf3 Qb7 26.Nh4 Re7 27.Rd2 Qc8 28.Red1 Bf8 29.Bf3
Ree8 30.Ng2 Qb7 31.Rd3 Bg7 32.R1d2 Na6 33.Qd1 Nb4 34.Re3 Qc8 35.Bg4 Qa8 
36.Bf3 Qc8 37.Re1 f5 38.exf5 Rxe1 39.Nxe1 Bxf3 40.Qxf3 Qxf5 41.Ng2 Ne5 42.
Qe2 Nf7 43.Ne3 Qe6 44.Ncd5 Bd4 45.Qg2 Bxe3 46.Nxe3 Qd7 47.Ng4 Qxa4 48.Qf3 
Qc6 49.Qc3 h5 50.Nf6+ Kf8 51.Nh7+ Kg8 52.Qf6 d5 53.Qe7 Qd6 54.Nf6+ Kg7 55.
Ne8+ Rxe8 56.Qxe8 d4 57.Qe4 Qc6 58.Qe2 1-0

[Event "San Felipe zt"]
[Site "San Felipe"]
[Date "1999.??.??"]
[Round "1"]
[White "Santa Torres, Luis A"]
[Black "Rohl Montes, Juan Armando"]
[Result "0-1"]
[WhiteElo "2222"]
[BlackElo "2360"]
[EventDate "1999.??.??"]
[PlyCount "34"]

1.d4 Nf6 2.c4 e6 3.Nc3 Bb4 4.e3 b6 5.Ne2 Ba6 6.Ng3 h5 7.h4 Nc6 8.Be2 Na5 
9.Qa4 Bxc3+ 10.bxc3 c5 11.e4 Bb7 12.Bg5 Qc7 13.d5 Qe5 14.Qc2 Ng4 15.Qd2 b5
16.Bf4 Qf6 17.Bg5 Qxf2+ 0-1

[Event "San Felipe zt"]
[Site "San Felipe"]
[Date "1999.??.??"]
[Round "1"]
[White "Sequera Paolini, Jose"]
[Black "Alvarez Marquez, Johan"]
[Result "1/2-1/2"]
[WhiteElo "2340"]
[BlackElo "2193"]
[EventDate "1999.??.??"]
[PlyCount "131"]

1.b3 Nf6 2.Bb2 g6 3.Bxf6 exf6 4.d4 Bg7 5.e3 d6 6.g3 Bd7 7.Bg2 Bc6 8.Bxc6+ 
Nxc6 9.Ne2 Qd7 10.Nf4 h5 11.h4 Ne7 12.Nd2 Qg4 13.Qe2 Qxe2+ 14.Kxe2 f5 15.
c4 O-O 16.Nf3 Rfe8 17.Rac1 a5 18.Rc2 Nc6 19.Nd5 Rac8 20.Kd3 Nb4+ 21.Nxb4 
axb4 22.a3 bxa3 23.Ra1 Ra8 24.Rca2 Kf8 25.Rxa3 Rxa3 26.Rxa3 Bf6 27.Ra7 Rb8
28.b4 Ke8 29.Nd2 Kd7 30.Nb1 c6 31.Nc3 Bd8 32.b5 Bb6 33.bxc6+ Kxc6 34.Ra2 
Bd8 35.Nd5 b5 36.Nb4+ Kd7 37.Ra7+ Ke8 38.Nc6 bxc4+ 39.Kxc4 Rc8 40.Kd5 Bc7 
41.f3 Kd7 42.Nb4 Ke8 43.Rb7 Kf8 44.Nc6 Bd8 45.Kxd6 Bf6 46.f4 Ra8 47.Rb8+ 
Rxb8 48.Nxb8 Be7+ 49.Kc7 Bb4 50.d5 Be1 51.d6 Bxg3 52.Nd7+ Kg7 53.Ne5 Bxh4 
54.Nf3 Bf6 55.d7 h4 56.d8=Q Bxd8+ 57.Kxd8 h3 58.Ke7 Kh6 59.Kxf7 Kh5 60.Nh2
Kh4 61.Nf1 g5 62.fxg5 Kxg5 63.Ke6 Kg4 64.Ke5 Kf3 65.Kxf5 h2 66.Nxh2+ 
1/2-1/2

[Event "San Felipe zt"]
[Site "San Felipe"]
[Date "1999.??.??"]
[Round "1"]
[White "Sosa, Luis"]
[Black "Pazos Gambarrotti, Plinio"]
[Result "0-1"]
[WhiteElo "2254"]
[BlackElo "2366"]
[EventDate "1999.??.??"]
[PlyCount "69"]

1.d4 Nf6 2.Nf3 c5 3.e3 g6 4.Bd3 Bg7 5.O-O O-O 6.c3 d6 7.Nbd2 Nc6 8.h3 e5 
9.dxe5 Nxe5 10.Nxe5 dxe5 11.Ne4 Qe7 12.Nxf6+ Bxf6 13.e4 Be6 14.Qe2 Rad8 
15.Bc4 b6 16.Bh6 Bg7 17.Be3 Rd6 18.Rfd1 Rfd8 19.Rxd6 Rxd6 20.Bxe6 Qxe6 21.
Rd1 f5 22.Rxd6 Qxd6 23.f3 Bf6 24.Bh6 Kf7 25.Qc4+ Qe6 26.Qxe6+ Kxe6 27.Be3 
c4 28.Kf1 Bd8 29.Ke2 a6 30.a4 Kd6 31.Kd2 Kc6 32.Kc2 Be7 33.Bf2 b5 34.axb5+
axb5 35.Be3 0-1

[Event "San Felipe zt"]
[Site "San Felipe"]
[Date "1999.??.??"]
[Round "1"]
[White "Warner, Delisle"]
[Black "Soto Paez, Oliver de la Trinid"]
[Result "0-1"]
[WhiteElo "2199"]
[BlackElo "2323"]
[EventDate "1999.??.??"]
[PlyCount "118"]

1.d4 Nf6 2.Nf3 g6 3.c4 Bg7 4.Nc3 O-O 5.g3 d6 6.Bg2 Nc6 7.O-O Bd7 8.h3 a6 
9.b3 Rb8 10.a3 b5 11.cxb5 axb5 12.b4 e5 13.dxe5 dxe5 14.Be3 Qc8 15.Kh2 Rd8
16.Qc1 Be8 17.Rd1 Rxd1 18.Qxd1 h6 19.Nd5 Nxd5 20.Qxd5 Qa6 21.Rc1 Rc8 22.
Nh4 Ne7 23.Qb7 Qe6 24.Bc5 Bc6 25.Bxc6 Qxc6 26.Qxc6 Nxc6 27.Be3 Nd8 28.Bb6 
Ne6 29.Rc6 Kh7 30.Nf3 Rd8 31.Be3 Ra8 32.Bc1 Rd8 33.Be3 Rd1 34.Rc1 Rd6 35.
Rc2 f5 36.Rd2 e4 37.Rxd6 cxd6 38.Nd2 Bb2 39.Nb1 d5 40.Kg2 d4 41.Bd2 Nc7 
42.e3 Nd5 43.exd4 g5 44.h4 Kg6 45.hxg5 hxg5 46.Be3 f4 47.Bd2 Kf5 48.gxf4 
gxf4 49.Be1 Bxd4 50.Kf1 e3 51.Ke2 exf2 52.Bxf2 Bxf2 53.Kxf2 Ke4 54.Nd2+ 
Kd3 55.Nf3 Ne3 56.Ne5+ Ke4 57.Nf7 Ng4+ 58.Kg2 f3+ 59.Kg1 Ke3 0-1

[Event "San Felipe zt"]
[Site "San Felipe"]
[Date "1999.??.??"]
[Round "2"]
[White "Alvarez Marquez, Johan"]
[Black "Cave, Christo"]
[Result "1-0"]
[WhiteElo "2193"]
[BlackElo "2276"]
[EventDate "1999.??.??"]
[PlyCount "61"]

1.d4 d5 2.c4 c6 3.Nf3 Nf6 4.Nc3 e6 5.cxd5 exd5 6.Qc2 Be7 7.Bg5 h6 8.Bxf6 
Bxf6 9.e3 Be6 10.Bd3 Nd7 11.O-O O-O 12.b4 Rc8 13.Rfc1 Qe7 14.Rab1 g5 15.
Ne2 Bg7 16.Ng3 g4 17.Ne1 Qg5 18.Nf5 Rfe8 19.Nd6 h5 20.Nxc8 Rxc8 21.g3 h4 
22.Ng2 hxg3 23.hxg3 Nf6 24.Nf4 Nh5 25.Bh7+ Kh8 26.Nxe6 fxe6 27.Qg6 Bh6 28.
Qxg5 Bxg5 29.Bg6 Nf6 30.b5 Rg8 31.Bd3 1-0

[Event "San Felipe zt"]
[Site "San Felipe"]
[Date "1999.??.??"]
[Round "2"]
[White "Corbin, Philip"]
[Black "Mera Cedeno, Angel"]
[Result "0-1"]
[WhiteElo "2244"]
[BlackElo "2361"]
[EventDate "1999.??.??"]
[PlyCount "174"]

1.e4 c5 2.d4 cxd4 3.c3 dxc3 4.Nxc3 Nc6 5.Nf3 g6 6.Bc4 Bg7 7.e5 Qa5 8.O-O 
Nxe5 9.Nxe5 Qxe5 10.Nd5 Kf8 11.Re1 Qd4 12.Qe2 d6 13.Bg5 Be5 14.Be3 Qxb2 
15.Qxb2 Bxb2 16.Rab1 Be5 17.f4 Bf5 18.Rxb7 Bg7 19.Bxa7 Bc8 20.Rc7 Be6 21.
Rb1 Nf6 22.Nb6 Rd8 23.Bxe6 fxe6 24.a4 Ne4 25.Nc8 Nc3 26.Rb8 Nd5 27.Rd7 Re8
28.a5 Bc3 29.Nxd6 exd6 30.Rbb7 Re7 31.a6 Kf7 32.Rxe7+ Nxe7 33.Bb8 Kf6 34.
a7 Bd4+ 35.Kf1 Bxa7 36.Bxa7 Nc6 37.Bf2 h6 38.Rc7 Nb8 39.Rb7 g5 40.Bd4+ e5 
41.fxe5+ dxe5 42.Bb2 Kf5 43.g4+ Kxg4 44.Bxe5 Rf8+ 45.Kg2 Nc6 46.Bg7 Ra8 
47.Rc7 Ra2+ 48.Kg1 Ra6 49.Bxh6 Ne5 50.Bg7 Nf3+ 51.Kf2 Ra2+ 52.Ke3 Nxh2 53.
Rc5 Nf1+ 54.Kd3 Rd2+ 55.Ke4 Ng3+ 56.Ke5 Re2+ 57.Kd4 Nf5+ 58.Kd3 Re3+ 59.
Kd2 Re6 60.Bb2 Nh4 61.Bc1 Ng2 62.Kc2 Nf4 63.Rc4 Re5 64.Kd1 Rd5+ 65.Kc2 Kf3
66.Rc3+ Kf2 67.Rc4 Rf5 68.Kd1 Kf1 69.Kc2 Kg2 70.Kd1 Kf2 71.Kc2 Kf1 72.Kd1 
Nd3 73.Ba3 g4 74.Rc3 Rd5 75.Kc2 Ke2 76.Kb3 g3 77.Kc4 Rd7 78.Bc5 g2 79.Rc2+
Kf3 80.Bb6 Rd6 81.Ba7 Ne5+ 82.Kb5 Rd5+ 83.Kb4 Rd3 84.Bg1 Rd7 85.Kc5 Rc7+ 
86.Kd4 Rxc2 87.Kxe5 Rc1 0-1

[Event "San Felipe zt"]
[Site "San Felipe"]
[Date "1999.??.??"]
[Round "2"]
[White "Montalvo, Alejandro"]
[Black "Croes, Octavio"]
[Result "1-0"]
[WhiteElo "2215"]
[BlackElo "2120"]
[EventDate "1999.??.??"]
[PlyCount "78"]

1.d4 Nf6 2.c4 e6 3.Nc3 Bb4 4.e3 O-O 5.Bd3 c5 6.Ne2 Nc6 7.O-O d5 8.cxd5 
exd5 9.a3 cxd4 10.exd4 Bd6 11.Bc2 h6 12.Qd3 Ne7 13.Ng3 Be6 14.Bd2 Qd7 15.
Rae1 Bxg3 16.fxg3 Bf5 17.Rxf5 Qxf5 18.Qxf5 Nxf5 19.Bxf5 Rfe8 20.Re5 Rad8 
21.Bf4 g6 22.Bd3 Ng4 23.Rxe8+ Rxe8 24.Bd2 Ne3 25.Bxe3 Rxe3 26.Be2 Re6 27.
Kf2 Kf8 28.Bf3 Rb6 29.Nd1 Rb5 30.b4 Rb6 31.Bxd5 Ra6 32.Bxb7 Rxa3 33.b5 Rd3
34.Ne3 Rxd4 35.Nd5 Rd2+ 36.Kf3 Rc2 37.Bc6 a5 38.b6 Rb2 39.b7 a4 1-0

[Event "San Felipe zt"]
[Site "San Felipe"]
[Date "1999.??.??"]
[Round "2"]
[White "Pazos Gambarrotti, Plinio"]
[Black "Melendez Tirado, Bernardo Ramon"]
[Result "1-0"]
[WhiteElo "2366"]
[BlackElo "2135"]
[EventDate "1999.??.??"]
[PlyCount "149"]

1.d4 Nf6 2.Nf3 d6 3.g3 Nbd7 4.Bg2 e5 5.O-O Be7 6.c4 O-O 7.Nc3 c6 8.e4 Re8 
9.Re1 a6 10.a4 a5 11.h3 Qc7 12.Be3 Nf8 13.Qc2 h6 14.Rac1 N6d7 15.Red1 Ne6 
16.d5 Nec5 17.Ne1 Bf8 18.Nd3 Nxd3 19.Qxd3 Qd8 20.Qc2 Qe7 21.Nb1 g6 22.Nd2 
c5 23.Rf1 Nf6 24.Nb3 Kh7 25.Rce1 Bd7 26.Nc1 Bg7 27.Nd3 b6 28.Bd2 Nh5 29.
Kh2 Rf8 30.g4 Nf6 31.f4 Bc8 32.b3 Nd7 33.Bc3 f6 34.f5 g5 35.Kg3 Kg8 36.Rh1
Kf7 37.h4 Bb7 38.Rh2 Rh8 39.Reh1 Rag8 40.Ne1 Qf8 41.Nf3 Qd8 42.Bd2 Bc8 43.
Rh3 Nb8 44.Qc1 Na6 45.Bf1 Nc7 46.Bd3 Bd7 47.R1h2 Bc8 48.Qh1 Bd7 49.hxg5 
hxg5 50.Rh7 Rxh7 51.Rxh7 Rh8 52.Qh5+ Kg8 53.Nxg5 fxg5 54.Rxg7+ Kxg7 55.
Qg6+ Kf8 56.Bxg5 Qe8 57.Qxd6+ Kg8 58.Qxc7 Rh1 59.Be2 Qf7 60.Qxb6 Be8 61.
Qe6 Rb1 62.Bd8 Rxb3+ 63.Kf2 Bxa4 64.Bf6 Bd7 65.Qxf7+ Kxf7 66.g5 a4 67.Bxe5
a3 68.g6+ Kg8 69.f6 Be8 70.d6 a2 71.f7+ Bxf7 72.d7 Rb8 73.Bxb8 a1=Q 74.
d8=Q+ Kg7 75.gxf7 1-0

[Event "San Felipe zt"]
[Site "San Felipe"]
[Date "1999.??.??"]
[Round "2"]
[White "Sosa, Luis"]
[Black "Denny, Kevin"]
[Result "0-1"]
[WhiteElo "2254"]
[BlackElo "2302"]
[EventDate "1999.??.??"]
[PlyCount "40"]

1.d4 Nf6 2.Nf3 g6 3.Nc3 d5 4.Bf4 Bg7 5.e3 O-O 6.Be2 c5 7.Ne5 Nc6 8.Nxc6 
bxc6 9.O-O cxd4 10.exd4 Nd7 11.Na4 e5 12.dxe5 Nxe5 13.Qd2 Re8 14.Rad1 Qh4 
15.b3 Bf5 16.Bg5 Qe4 17.Bd3 Nxd3 18.cxd3 Qe2 19.d4 Bc2 20.Be3 Bxd1 0-1

[Event "San Felipe zt"]
[Site "San Felipe"]
[Date "1999.??.??"]
[Round "2"]
[White "Soto Paez, Oliver de la Trinid"]
[Black "Hernandez, Alexander"]
[Result "1/2-1/2"]
[WhiteElo "2323"]
[BlackElo "2245"]
[EventDate "1999.??.??"]
[PlyCount "42"]

1.e4 c5 2.Nf3 d6 3.d4 cxd4 4.Nxd4 Nf6 5.Nc3 a6 6.Bg5 e5 7.Nf5 Bxf5 8.exf5 
Nbd7 9.Bc4 Be7 10.Qd2 O-O 11.h4 b5 12.Bb3 Nc5 13.f3 b4 14.Ne2 a5 15.Bc4 d5
16.Bxf6 dxc4 17.Qxd8 Bxd8 18.Bxe5 Re8 19.Bd4 Bb6 20.Kf2 Rad8 21.Rhd1 Rd5 
1/2-1/2

[Event "San Felipe zt"]
[Site "San Felipe"]
[Date "1999.??.??"]
[Round "2"]
[White "Yee, Frank"]
[Black "Martinez, Carlos"]
[Result "1/2-1/2"]
[WhiteElo "2200"]
[BlackElo "2270"]
[EventDate "1999.??.??"]
[PlyCount "52"]

1.e4 e5 2.Nf3 Nc6 3.Bc4 Nf6 4.d4 exd4 5.e5 d5 6.Bb5 Ne4 7.Nxd4 Bc5 8.Be3 
Bd7 9.Bxc6 bxc6 10.O-O Rb8 11.f3 Ng5 12.Nd2 O-O 13.f4 Ne6 14.N2b3 Bb6 15.
Qd2 Qe7 16.c3 f5 17.Nxe6 Bxe6 18.Bxb6 Rxb6 19.Nd4 c5 20.Nxe6 Qxe6 21.b3 
Rfb8 22.Rad1 Ra6 23.Rf2 Rd8 24.Qe3 Ra5 25.Rfd2 c6 26.b4 cxb4 1/2-1/2

[Event "San Felipe zt"]
[Site "San Felipe"]
[Date "1999.??.??"]
[Round "3"]
[White "Cave, Christo"]
[Black "Yee, Frank"]
[Result "1/2-1/2"]
[WhiteElo "2276"]
[BlackElo "2200"]
[EventDate "1999.??.??"]
[PlyCount "39"]

1.e4 e5 2.Nf3 Nc6 3.Bb5 a6 4.Ba4 Nf6 5.O-O Be7 6.Re1 b5 7.Bb3 O-O 8.c3 d5 
9.exd5 Nxd5 10.Nxe5 Nxe5 11.Rxe5 c6 12.d4 Bd6 13.Re1 Qh4 14.g3 Qh3 15.Be3 
Bg4 16.Qd3 Rae8 17.Qf1 Qh5 18.Bxd5 cxd5 19.Nd2 Bh3 20.Qd3 1/2-1/2

[Event "San Felipe zt"]
[Site "San Felipe"]
[Date "1999.??.??"]
[Round "3"]
[White "Denny, Kevin"]
[Black "Alvarez Marquez, Johan"]
[Result "0-1"]
[WhiteElo "2302"]
[BlackElo "2193"]
[EventDate "1999.??.??"]
[PlyCount "79"]

1.e4 c5 2.Nf3 d6 3.d4 cxd4 4.Qxd4 a6 5.c4 Nc6 6.Qd1 Nf6 7.Nc3 g6 8.h3 Bg7 
9.Be2 O-O 10.O-O Bd7 11.Be3 Qa5 12.Nd2 Be6 13.Nd5 Nd7 14.Bb6 Nxb6 15.Nb3 
Qa4 16.Nxb6 Qb4 17.Nxa8 Rxa8 18.Qc2 a5 19.a4 Ra6 20.f4 Rb6 21.Ra3 Nd4 22.
Nxd4 Bxd4+ 23.Kh1 Qxb2 24.Qxb2 Rxb2 25.Bd3 Rb4 26.Rb1 Bxc4 27.Rc1 Be6 28.
Rc7 Kf8 29.Bb5 Bc5 30.Rd3 Rxe4 31.Rxb7 Rxf4 32.Rf3 Rxf3 33.gxf3 Bxh3 34.
Kh2 Bf5 35.Bd7 e6 36.Kg3 g5 37.Rb5 Bb4 38.Rxb4 axb4 39.a5 e5 40.a6 0-1

[Event "San Felipe zt"]
[Site "San Felipe"]
[Date "1999.??.??"]
[Round "3"]
[White "Hernandez, Alexander"]
[Black "Rohl Montes, Juan Armando"]
[Result "1/2-1/2"]
[WhiteElo "2245"]
[BlackElo "2360"]
[EventDate "1999.??.??"]
[PlyCount "29"]

1.e4 e5 2.Nf3 Nc6 3.Bb5 a6 4.Ba4 Nf6 5.d3 d6 6.O-O b5 7.Bb3 Na5 8.c3 Nxb3 
9.axb3 Bb7 10.Re1 g6 11.Bg5 h6 12.Bxf6 Qxf6 13.d4 Bg7 14.Nbd2 O-O 15.Nf1 
1/2-1/2

[Event "San Felipe zt"]
[Site "San Felipe"]
[Date "1999.??.??"]
[Round "3"]
[White "Martinez, Carlos"]
[Black "Yanez, Wilbert"]
[Result "0-1"]
[WhiteElo "2270"]
[BlackElo "2230"]
[EventDate "1999.??.??"]
[PlyCount "30"]

1.e4 c6 2.Nc3 d5 3.Qf3 dxe4 4.Nxe4 Nd7 5.d4 Ndf6 6.Bc4 Qxd4 7.Nd2 e6 8.h3 
Ne7 9.Ne2 Qb6 10.Bb3 Ned5 11.Nc4 Qc7 12.Bd2 b5 13.Ba5 Bb4+ 14.Bxb4 bxc4 
15.Ba4 Nxb4 0-1

[Event "San Felipe zt"]
[Site "San Felipe"]
[Date "1999.??.??"]
[Round "3"]
[White "Melendez Tirado, Bernardo Ramon"]
[Black "Corbin, Philip"]
[Result "1-0"]
[WhiteElo "2135"]
[BlackElo "2244"]
[EventDate "1999.??.??"]
[PlyCount "97"]

1.d4 Nf6 2.Nf3 b6 3.c4 Bb7 4.Nc3 e6 5.Bg5 d5 6.e3 Be7 7.cxd5 exd5 8.Bb5+ 
c6 9.Bd3 Nbd7 10.O-O Ne4 11.Bxe7 Qxe7 12.Qc2 f5 13.a4 a5 14.Rae1 O-O 15.
Nd2 Qh4 16.f3 Nxd2 17.Qxd2 Rae8 18.Bb1 Ba6 19.Rf2 f4 20.e4 Re6 21.exd5 Rh6
22.h3 Nf6 23.dxc6 Qg3 24.Kh1 g5 25.Bf5 Bc8 26.Bxc8 Rxc8 27.Rff1 Rxc6 28.
Qf2 Rd6 29.Qxg3 fxg3 30.Re5 Rxd4 31.Rxg5+ Rg6 32.Rxg6+ hxg6 33.Rd1 Rxd1+ 
34.Nxd1 Kf7 35.Kg1 Ke6 36.Nc3 Nd5 37.Nxd5 Kxd5 38.Kf1 Kc4 39.Ke2 Kb3 40.f4
Kxb2 41.f5 gxf5 42.h4 Ka3 43.h5 Kxa4 44.h6 f4 45.h7 b5 46.h8=Q b4 47.Qa1+ 
Kb5 48.Qe5+ Ka4 49.Qxf4 1-0

[Event "San Felipe zt"]
[Site "San Felipe"]
[Date "1999.??.??"]
[Round "3"]
[White "Mera Cedeno, Angel"]
[Black "Pazos Gambarrotti, Plinio"]
[Result "1/2-1/2"]
[WhiteElo "2361"]
[BlackElo "2366"]
[EventDate "1999.??.??"]
[PlyCount "39"]

1.d4 d5 2.Nf3 Nf6 3.g3 g6 4.Bg2 Bg7 5.O-O O-O 6.c4 c6 7.b3 Nbd7 8.Bb2 Ne4 
9.Nfd2 Ndf6 10.Nc3 Nxc3 11.Bxc3 Bf5 12.Rc1 Qd7 13.Re1 Bh6 14.e3 Ne4 15.
Bxe4 Bxe4 16.f3 Bf5 17.Qe2 Rfe8 18.Bb2 Bg7 19.Red1 h5 20.Qf2 1/2-1/2

[Event "San Felipe zt"]
[Site "San Felipe"]
[Date "1999.??.??"]
[Round "4"]
[White "Alvarez Marquez, Johan"]
[Black "Mera Cedeno, Angel"]
[Result "1-0"]
[WhiteElo "2193"]
[BlackElo "2361"]
[EventDate "1999.??.??"]
[PlyCount "49"]

1.d4 Nf6 2.c4 g6 3.Nc3 Bg7 4.Nf3 O-O 5.Bg5 c5 6.e3 d6 7.Be2 Na6 8.O-O b6 
9.Re1 Nc7 10.h3 Bb7 11.d5 h6 12.Bh4 g5 13.Bg3 b5 14.Nd2 b4 15.Na4 e5 16.e4
Nd7 17.Bg4 Nb6 18.a3 Na6 19.Nxb6 axb6 20.a4 Nc7 21.Nf1 Qf6 22.Ne3 Ra5 23.
Bf5 Rfa8 24.Qh5 g4 25.Bh4 1-0

[Event "San Felipe zt"]
[Site "San Felipe"]
[Date "1999.??.??"]
[Round "4"]
[White "Melendez Tirado, Bernardo Ramon"]
[Black "Hernandez, Alexander"]
[Result "0-1"]
[WhiteElo "2135"]
[BlackElo "2245"]
[EventDate "1999.??.??"]
[PlyCount "80"]

1.d4 Nf6 2.Nf3 e6 3.Bg5 d5 4.e3 c6 5.Bd3 Nbd7 6.O-O h6 7.Bh4 Bd6 8.c4 O-O 
9.Nc3 b6 10.cxd5 exd5 11.Qa4 Bb7 12.b4 a5 13.bxa5 Rxa5 14.Qb3 Qa8 15.Rab1 
b5 16.Bxf6 Nxf6 17.Rb2 Qa7 18.Bb1 b4 19.Ne2 Ba6 20.Ne5 Qc7 21.f4 Ra3 22.
Qc2 Ne4 23.Rb3 c5 24.Rc1 Rc8 25.Rxa3 bxa3 26.Nc3 cxd4 27.Nxe4 Qxc2 28.Rxc2
Rxc2 29.Bxc2 dxe4 30.exd4 Bxe5 31.dxe5 Bc4 32.Bb1 e3 33.g4 g5 34.f5 Kf8 
35.Kg2 Ke7 36.Kf3 e2 37.Kf2 Kd7 38.Ke1 Kc6 39.Be4+ Kc5 40.Bb1 Kd5 0-1

[Event "San Felipe zt"]
[Site "San Felipe"]
[Date "1999.??.??"]
[Round "4"]
[White "Montalvo, Alejandro"]
[Black "Sequera Paolini, Jose"]
[Result "1/2-1/2"]
[WhiteElo "2215"]
[BlackElo "2340"]
[EventDate "1999.??.??"]
[PlyCount "75"]

1.d4 e6 2.c4 f5 3.Nc3 Nf6 4.e3 d5 5.Nf3 c6 6.Ne5 Nbd7 7.f4 Be7 8.Bd3 Nxe5 
9.fxe5 Ng4 10.O-O O-O 11.Bd2 c5 12.cxd5 cxd4 13.d6 dxc3 14.dxe7 Qxe7 15.
Bxc3 Nxe3 16.Qb3 Nxf1 17.Rxf1 Qd8 18.Bb4 Qb6+ 19.Kh1 Rd8 20.Bxf5 Bd7 21.
Bxh7+ Kxh7 22.Rf7 Qd4 23.Rxg7+ Kxg7 24.Qg3+ Kh6 25.Qh3+ Kg5 26.Qg3+ Kf5 
27.Qf3+ Qf4 28.g4+ Kxe5 29.Qc3+ Ke4 30.Qc2+ Ke5 31.Qc5+ Ke4 32.Qc2+ Kf3 
33.Qd1+ Ke4 34.Qc2+ Kd4 35.Qc3+ Kd5 36.Qc5+ Ke4 37.Qc2+ Ke5 38.Qc5+ 
1/2-1/2

[Event "San Felipe zt"]
[Site "San Felipe"]
[Date "1999.??.??"]
[Round "4"]
[White "Pazos Gambarrotti, Plinio"]
[Black "Dominguez, Jose Manuel"]
[Result "0-1"]
[WhiteElo "2366"]
[BlackElo "2325"]
[EventDate "1999.??.??"]
[PlyCount "170"]

1.d4 c5 2.e4 cxd4 3.c3 dxc3 4.Nxc3 d6 5.Bc4 Nc6 6.Nf3 Nf6 7.O-O e6 8.Qe2 
Be7 9.Rd1 Qc7 10.Bg5 a6 11.Rac1 O-O 12.Bb3 Qa5 13.h3 Rd8 14.g4 Bd7 15.Bd2 
Qc7 16.Be3 Be8 17.a3 Rac8 18.Ba2 b5 19.g5 Nd7 20.Nd5 exd5 21.exd5 Ndb8 22.
dxc6 Nxc6 23.Rc3 Qb8 24.Bf4 Bf8 25.Rdc1 b4 26.axb4 Nxb4 27.Bb1 g6 28.Bd2 
Bb5 29.Qd1 Bc6 30.Nd4 Ba8 31.Rxc8 Rxc8 32.Rxc8 Qxc8 33.Bxb4 Qb7 34.Qf3 
Qxb4 35.Qxa8 Qe1+ 36.Kg2 Qxb1 37.Qxa6 Qxb2 38.Qc4 Qb1 39.Nf3 Qf5 40.Qd4 
Be7 41.Qe3 Qe6 42.Qf4 d5 43.Qb8+ Bf8 44.Qc7 h6 45.gxh6 Bxh6 46.Qb8+ Bf8 
47.Qc7 Qe4 48.Kg3 Bh6 49.Qb8+ Kg7 50.Qb2+ Kh7 51.Qf6 Qe6 52.Qh4 Qd6+ 53.
Kg2 Qf4 54.Qe7 Kg7 55.Qc5 Qc4 56.Qa7 Qe4 57.Qa1+ Kg8 58.Qa8+ Bf8 59.Kg3 
Qf5 60.Qb8 Kg7 61.Qc7 Qf6 62.Kg2 Be7 63.Qb7 Qe6 64.Qa7 Bf6 65.Qc5 Qe4 66.
Qc6 Qc4 67.Qb7 d4 68.Nd2 Qe6 69.Qb5 Qe5 70.Qd3 Qg5+ 71.Kf1 Qh5 72.Nb3 Qd5 
73.Nd2 Qh5 74.Nb3 Kh7 75.Kg2 Bg7 76.Kf1 Qd5 77.Nd2 f5 78.Nb3 Bh6 79.Ke2 
Bg7 80.Kf1 Qc6 81.Ke2 Qc3 82.Nd2 Qxd3+ 83.Kxd3 Kh6 84.Nf3 Kh5 85.Kc4 Bf6 
0-1

[Event "San Felipe zt"]
[Site "San Felipe"]
[Date "1999.??.??"]
[Round "4"]
[White "Warner, Delisle"]
[Black "Cave, Christo"]
[Result "0-1"]
[WhiteElo "2199"]
[BlackElo "2276"]
[EventDate "1999.??.??"]
[PlyCount "67"]

1.d4 g6 2.c4 Bg7 3.Nc3 c5 4.d5 d6 5.e4 Nf6 6.f4 O-O 7.Nf3 a6 8.Be2 b5 9.e5
Nfd7 10.exd6 exd6 11.cxb5 axb5 12.Nxb5 Ba6 13.O-O Qb6 14.Nc3 c4+ 15.Kh1 
Nc5 16.f5 Nbd7 17.Qe1 Rae8 18.Qd1 Ne4 19.Nxe4 Rxe4 20.Ng5 Rxe2 21.Qxe2 c3 
22.Qe1 Bxf1 23.Be3 cxb2 24.Rb1 Bxg2+ 25.Kxg2 Qb5 26.Qd2 Ra8 27.fxg6 hxg6 
28.Ne4 Qc4 29.Nxd6 Qg4+ 30.Kh1 Rxa2 31.Qf2 Ra1 32.Qxf7+ Kh7 33.Qf1 Rxb1 
34.Qxb1 0-1

[Event "San Felipe zt"]
[Site "San Felipe"]
[Date "1999.??.??"]
[Round "4"]
[White "Yanez, Wilbert"]
[Black "Croes, Octavio"]
[Result "1-0"]
[WhiteElo "2230"]
[BlackElo "2120"]
[EventDate "1999.??.??"]
[PlyCount "41"]

1.e4 e5 2.d4 exd4 3.Qxd4 Nc6 4.Qe3 d6 5.Nc3 Nf6 6.Bd2 Be6 7.O-O-O g6 8.f4 
Bg7 9.f5 Bd7 10.Nf3 Qe7 11.Bc4 gxf5 12.Qg5 Rg8 13.exf5 O-O-O 14.Rhe1 Ne5 
15.Qe3 Kb8 16.Nb5 b6 17.Qa3 a5 18.Nxe5 Qf8 19.Nxd7+ Nxd7 20.Bxa5 d5 21.Bb4
1-0

[Event "San Felipe zt"]
[Site "San Felipe"]
[Date "1999.??.??"]
[Round "4"]
[White "Yee, Frank"]
[Black "Denny, Kevin"]
[Result "1-0"]
[WhiteElo "2200"]
[BlackElo "2302"]
[EventDate "1999.??.??"]
[PlyCount "78"]

1.e4 c5 2.Nf3 d6 3.d4 cxd4 4.Nxd4 Nf6 5.Nc3 g6 6.Be2 Bg7 7.Be3 O-O 8.Nb3 
Nc6 9.O-O Be6 10.f4 Rc8 11.Kh1 a6 12.Bf3 Nd7 13.Qe1 Nb6 14.Rd1 Nc4 15.Bc1 
Nb4 16.e5 Nxc2 17.Qe2 N4a3 18.Be4 Bc4 19.Bd3 Bxb3 20.axb3 Nd4 21.Qe4 Nxb3 
22.Qxb7 Nxc1 23.Rxc1 dxe5 24.Bxa6 Rb8 25.Qe4 Rxb2 26.fxe5 Qa8 27.Bd3 Qxe4 
28.Bxe4 Bxe5 29.Nd5 e6 30.Ne7+ Kg7 31.Nc6 Bf6 32.Rf3 Nb5 33.h3 Nd6 34.Bd3 
Rc8 35.Rcf1 Rxc6 36.Rxf6 Rc3 37.Ba6 Nf5 38.R6xf5 exf5 39.Rd1 Rcc2 1-0

[Event "San Felipe zt"]
[Site "San Felipe"]
[Date "1999.??.??"]
[Round "5"]
[White "Cave, Christo"]
[Black "Montalvo, Alejandro"]
[Result "0-1"]
[WhiteElo "2276"]
[BlackElo "2215"]
[EventDate "1999.??.??"]
[PlyCount "80"]

1.e4 c6 2.c4 d5 3.cxd5 cxd5 4.exd5 Nf6 5.Nc3 g6 6.d4 Bg7 7.Bb5+ Nbd7 8.d6 
O-O 9.dxe7 Qxe7+ 10.Nge2 Nb6 11.O-O Be6 12.Bf4 Nfd5 13.Be5 Bxe5 14.dxe5 
Qc5 15.Re1 Rfd8 16.Qc1 Rac8 17.Qh6 a6 18.Ba4 Nxc3 19.Nxc3 Nxa4 20.Nxa4 Qb4
21.b3 b5 22.Nb6 Rb8 23.Red1 Qc5 24.Nc4 bxc4 25.bxc4 Qxe5 26.Qh4 Rxd1+ 27.
Rxd1 Qc3 28.Rf1 Qd3 29.h3 Qxc4 30.Qe7 Qxa2 31.h4 h5 32.Re1 Rb1 33.Rxb1 
Qxb1+ 34.Kh2 Qb6 35.f3 a5 36.Kg3 Qb8+ 37.Kf2 a4 38.g4 hxg4 39.fxg4 Qb2+ 
40.Kg3 Qe5+ 0-1